Normal view
MARC view
- THE CAMBRIDGE COMPANION TO W.B.YEATS
Entry Topical Term
001 - CONTROL NUMBER
- control field: 2808
003 - CONTROL NUMBER IDENTIFIER
- control field: JO-AjAnu
005 - DATE AND TIME OF LATEST TRANSACTION
- control field: 20230606070749.0
008 - FIXED-LENGTH DATA ELEMENTS
- fixed length control field: 230606|| aca||aabn | a|a d
040 ## - CATALOGING SOURCE
- Original cataloging agency: JO-AjAnu
- Transcribing agency: JO-AjAnu
150 ## - HEADING--TOPICAL TERM
- Topical term or geographic name entry element: THE CAMBRIDGE COMPANION TO W.B.YEATS
670 ## - SOURCE DATA FOUND
- Source citation: Work cat.: (JO-AjAnu)1471: EDITED BY: HOWES, MARJORIE , JOHN KELLY, author 2807, THE CAMBRIDGE COMPANION TO W.B.YEATS